Personnages de Ninjago : les maîtres du spinjitzu par image (Part 1) - Statistiques

Statistiques générales
  • Ce quiz a été pris 872 fois
  • Le résultat moyen est 8 sur 16
Statistiques - réponses
Par images Réponse % Correct
Lord Garmadon
100%
Morro
89%
Overlord
87%
Pythor
82%
Maître Chen
78%
Grand Dévoreur
74%
Anacondra
57%
Samukai
39%
Maitre d'or
38%
Armée de Pierre
37%
Constrictor
33%
Hypnobraï
30%
Général Cryptor
28%
Fangpyre
20%
Nindroïdes
19%
Venomaris
17%
Aucun quiz correspondant
Distribution des résultats
% des personnes avec chaque résultat
Percentile par nombre de réponses
Votre historique - résultats
Vous n’avez pas pris ce quiz